000 00620nam a2200133Ia 4500
008 220217s9999 xx 000 0 und d
245 0 _aRubber-or plastics-coated fabrics- Determination of roll chracteristics. Part 2: Methods for determination of total mass per unit area, mass per unit area of coating and mass per unit area of substrate
260 _aGeneva, Switzerland
260 _c1998
_bInternational Organization for Standardization
490 _aInternational Standard
500 _aStandard number: ISO 2286-2 (For BIS use only-not original copy)
650 _aRubber-or plastics-coated fabrics
942 _cST
999 _c74083
_d74083